Sociologie des professions (notice n° 2198599)
[ vue normale ]
| 000 -LEADER | |
|---|---|
| fixed length control field | 01555cam a2200157 4500500 |
| 005 - DATE AND TIME OF LATEST TRANSACTION | |
| control field | 20260405085551.0 |
| 041 ## - LANGUAGE CODE | |
| Language code of text/sound track or separate title | fre |
| 042 ## - AUTHENTICATION CODE | |
| Authentication code | dc |
| 100 10 - MAIN ENTRY--PERSONAL NAME | |
| Personal name | Dubar, Claude |
| Relator term | author |
| 245 00 - TITLE STATEMENT | |
| Title | Sociologie des professions |
| 260 ## - PUBLICATION, DISTRIBUTION, ETC. | |
| Name of publisher, distributor, etc. | Armand Colin,<br/> |
| Date of publication, distribution, etc. | 2015.<br/> |
| 520 ## - SUMMARY, ETC. | |
| Summary, etc. | Cet ouvrage retrace les grands modèles de professions qui se sont succédé en Occident et expose les principales théories sociologiques des professions qui continuent à s’affronter – et parfois à se combiner – dans les travaux récents. Au sein d’un modèle spécifique de régulation par l’État des groupes professionnels, il rend compte de nombreuses recherches empiriques menées dans la France des années 1960 à 2010. Les évolutions récentes de ces groupes – changements démographiques, transformation du rôle de l’État, managérialisation et internationalisation – sont présentées autour de cas empiriques. À travers les modèles, théories et recherches, l’ouvrage tente de clarifier le vocabulaire qu’utilisent les sociologues pour décrire le travail professionnel, analyser la dynamique des groupes professionnels et des marchés du travail, interpréter l’évolution des systèmes et des identités professionnelles. Cette quatrième édition réactualisée prend acte des derniers travaux suscités en France par cette discipline. |
| 700 10 - ADDED ENTRY--PERSONAL NAME | |
| Personal name | Tripier, Pierre |
| Relator term | author |
| 700 10 - ADDED ENTRY--PERSONAL NAME | |
| Personal name | Boussard, Valérie |
| Relator term | author |
| 856 41 - ELECTRONIC LOCATION AND ACCESS | |
| Uniform Resource Identifier | <a href="https://shs.cairn.info/sociologie-des-professions--9782200603021?lang=fr&redirect-ssocas=7080">https://shs.cairn.info/sociologie-des-professions--9782200603021?lang=fr&redirect-ssocas=7080</a> |
Pas d'exemplaire disponible.




Réseaux sociaux